[Event "Imperia Savona Province-ch"]
[Site "Alassio"]
[Date "2016.01.17"]
[Round "4"]
[White "Badano, Fabio"]
[Black "Pesce, Leandro"]
[Result "1/2-1/2"]
[WhiteElo "1760"]
[BlackElo "1692"]
[PlyCount "83"]
[EventDate "2016.01.15"]
[EventType "swiss"]
[EventRounds "5"]
[EventCountry "ITA"]
[SourceTitle "EXT 2018"]
[Source "ChessBase"]
[SourceDate "2017.10.13"]
[SourceVersion "1"]
[SourceVersionDate "2017.10.13"]
[SourceQuality "1"]

1. e4 d6 2. d4 Nf6 3. Nc3 e5 4. Nf3 exd4 5. Nxd4 Be7 6. Bc4 0-0 7. 0-0 c5 8. Nde2 Nc6 9. Be3 Na5 10. Bb3 c4 11. Ba4 a6 12. b4 cxb3 13. Bxb3 Nxb3 14. cxb3 b5 15. Nd5 Nxd5 16. Qxd5 Be6 17. Qd2 Rc8 18. Nf4 Qc7 19. Rac1 Qb7 20. Nxe6 fxe6 21. f3 Rxc1 22. Rxc1 Rc8 23. Rxc8+ Qxc8 24. Qc1 Qxc1+ 25. Bxc1 Kf7 26. Kf2 Bf6 27. Bf4 Bd4+ 28. Ke2 Ke7 29. Kd3 Bc5 30. Bd2 Bb6 31. a4 bxa4 32. bxa4 Kd7 33. Kc4 Kc6 34. f4 g6 35. g4 d5+ 36. exd5+ exd5+ 37. Kd3 Kd6 38. h3 Ke6 39. Bc3 Bc5 40. Bd4 Bb4 41. Bb6 Bd6 42. Be3 1/2-1/2

[Event "Liguria Region-ch"]
[Site "Spotorno"]
[Date "2011.04.17"]
[Round "5"]
[White "Pesce, Leandro"]
[Black "Pozzobon, Davide"]
[Result "1/2-1/2"]
[WhiteElo "1792"]
[BlackElo "1795"]
[PlyCount "44"]
[EventDate "2011.04.15"]
[EventType "swiss"]
[EventRounds "5"]
[EventCountry "ITA"]
[SourceTitle "EXT 2024"]
[Source "ChessBase"]
[SourceDate "2023.10.10"]
[SourceVersion "1"]
[SourceVersionDate "2023.10.10"]
[SourceQuality "1"]

1. e4 c5 2. Nc3 e6 3. g3 Nc6 4. Bg2 Nge7 5. Nf3 g6 6. 0-0 Bg7 7. d3 0-0 8. Rb1 b6 9. Bg5 a6 10. Qd2 Bb7 11. Bh6 d5 12. Bxg7 Kxg7 13. exd5 exd5 14. Rbe1 Nf5 15. Ne5 Nce7 16. Qf4 Ra7 17. h3 Re8 18. Ng4 Qd6 19. Qxd6 Nxd6 20. Re5 d4 21. Na4 Bxg2 22. Kxg2 Rb7 1/2-1/2

[Event "Liguria Region-ch"]
[Site "Spotorno"]
[Date "2011.04.16"]
[Round "2"]
[White "Benvenuti, Cristian"]
[Black "Pesce, Leandro"]
[Result "1/2-1/2"]
[WhiteElo "1353"]
[BlackElo "1792"]
[PlyCount "40"]
[EventDate "2011.04.15"]
[EventType "swiss"]
[EventRounds "5"]
[EventCountry "ITA"]
[SourceTitle "EXT 2024"]
[Source "ChessBase"]
[SourceDate "2023.10.10"]
[SourceVersion "1"]
[SourceVersionDate "2023.10.10"]
[SourceQuality "1"]

1. e4 c5 2. Nc3 d6 3. Nf3 Nc6 4. d3 e6 5. Be3 Be7 6. Qd2 a6 7. 0-0-0 b5 8. d4 cxd4 9. Nxd4 Bd7 10. f4 Nf6 11. Qd3 0-0 12. Nxc6 Bxc6 13. e5 dxe5 14. fxe5 Qxd3 15. Rxd3 Nd5 16. Nxd5 Bxd5 17. Kb1 Rac8 18. Rd2 Rfd8 19. Bd3 h6 20. Rf1 Bc4 1/2-1/2

[Event "Liguria Region-ch"]
[Site "Spotorno"]
[Date "2011.04.16"]
[Round "3"]
[White "Pesce, Leandro"]
[Black "Platino, Maurizio"]
[Result "0-1"]
[WhiteElo "1792"]
[BlackElo "1902"]
[PlyCount "76"]
[EventDate "2011.04.15"]
[EventType "swiss"]
[EventRounds "5"]
[EventCountry "ITA"]
[SourceTitle "EXT 2024"]
[Source "ChessBase"]
[SourceDate "2023.10.10"]
[SourceVersion "1"]
[SourceVersionDate "2023.10.10"]
[SourceQuality "1"]

1. e4 e6 2. d4 d5 3. Nd2 c5 4. exd5 Qxd5 5. Ngf3 cxd4 6. Bc4 Qd6 7. 0-0 Nf6 8. Nb3 Nc6 9. Nbxd4 Nxd4 10. Nxd4 a6 11. Re1 Qc7 12. Qe2 Be7 13. Bb3 0-0 14. Nf3 h6 15. Ne5 Bd6 16. Bf4 b5 17. Bg3 Bb7 18. f3 Nh5 19. Bf2 Nf4 20. Qe3 Nd5 21. Bxd5 Bxd5 22. c3 Rac8 23. Kh1 f6 24. Ng6 Rfe8 25. g3 Qb7 26. Kg1 Bxf3 27. Nh4 Bd5 28. Qb6 Qxb6 29. Bxb6 b4 30. Ba5 bxc3 31. Bxc3 Kf7 32. Ng2 Bc5+ 33. Ne3 e5 34. Kf1 Be6 35. b3 Red8 36. Ke2 Bxe3 37. Kxe3 Rxc3+ 38. Kf2 Rd2+ 0-1

[Event "Recco op-B 4th"]
[Site "Recco"]
[Date "2010.11.28"]
[Round "5"]
[White "Jovanovic, Goran"]
[Black "Pesce, Leandro"]
[Result "0-1"]
[WhiteElo "1665"]
[BlackElo "1777"]
[PlyCount "66"]
[EventDate "2010.11.26"]
[EventType "swiss"]
[EventRounds "5"]
[EventCountry "ITA"]
[SourceTitle "EXT 2023"]
[Source "ChessBase"]
[SourceDate "2022.10.05"]
[SourceVersion "1"]
[SourceVersionDate "2022.10.05"]
[SourceQuality "1"]

1. e4 c5 2. Nf3 Nc6 3. d4 cxd4 4. Nxd4 e5 5. Nxc6 bxc6 6. Bc4 Nf6 7. Nc3 Be7 8. Bg5 d6 9. Bxf6 Bxf6 10. 0-0 0-0 11. f4 exf4 12. Rxf4 Be5 13. Bxf7+ Rxf7 14. Rxf7 Kxf7 15. Qh5+ Kg8 16. Rf1 Be6 17. Rf3 Qd7 18. b3 Rf8 19. Nd1 Rxf3 20. gxf3 Qf7 21. Qxf7+ Kxf7 22. c4 Bd4+ 23. Kg2 d5 24. exd5 cxd5 25. cxd5 Bxd5 26. Kg3 g6 27. Nf2 Bxf2+ 28. Kxf2 Ke6 29. h4 Kf5 30. Kg3 h5 31. Kg2 Kf4 32. Kf2 Bxf3 33. a4 Bd1 0-1

[Event "Recco op-B 4th"]
[Site "Recco"]
[Date "2010.11.28"]
[Round "4"]
[White "Pesce, Leandro"]
[Black "Pedemonte, Claudio"]
[Result "0-1"]
[WhiteElo "1777"]
[BlackElo "1834"]
[PlyCount "79"]
[EventDate "2010.11.26"]
[EventType "swiss"]
[EventRounds "5"]
[EventCountry "ITA"]
[SourceTitle "EXT 2023"]
[Source "ChessBase"]
[SourceDate "2022.10.05"]
[SourceVersion "1"]
[SourceVersionDate "2022.10.05"]
[SourceQuality "1"]

1. e4 d5 2. exd5 Qxd5 3. Nc3 Qa5 4. Bc4 Bf5 5. d3 e6 6. Qe2 Nf6 7. Bd2 c6 8. h3 h5 9. Ne4 Qd8 10. 0-0-0 Nbd7 11. Nxf6+ Nxf6 12. Nf3 Qc7 13. Ne5 Bd6 14. Rhe1 0-0-0 15. f3 h4 16. Kb1 Nd5 17. Bb3 f6 18. Nc4 Bg3 19. Rf1 e5 20. Be1 Bxe1 21. Rfxe1 Nf4 22. Qf2 Kb8 23. Re3 g5 24. Nd2 Qb6 25. Nf1 Rd7 26. Rd2 Rhd8 27. Re1 c5 28. Red1 Be6 29. Bxe6 Nxe6 30. Ne3 Nd4 31. g3 hxg3 32. Qxg3 Rh7 33. Rh2 Rdh8 34. Rdh1 Qc6 35. Rf1 Qe6 36. c3 Rxh3 37. Qg2 Nb5 38. Ng4 Rxh2 39. Nxh2 Nxc3+ 40. Kc2 0-1

[Event "Savona Province-ch"]
[Site "Savona"]
[Date "2010.02.14"]
[Round "5"]
[White "Pesce, Leandro"]
[Black "Rosa, Lorenzo"]
[Result "1-0"]
[WhiteElo "1739"]
[BlackElo "1446"]
[PlyCount "98"]
[EventDate "2010.02.12"]
[EventType "swiss"]
[EventRounds "5"]
[EventCountry "ITA"]
[SourceTitle "EXT 2024"]
[Source "ChessBase"]
[SourceDate "2023.10.10"]
[SourceVersion "1"]
[SourceVersionDate "2023.10.10"]
[SourceQuality "1"]

1. e4 e5 2. Nf3 Nc6 3. Bc4 Be7 4. d4 exd4 5. Nxd4 Ne5 6. Bb3 d6 7. 0-0 Nf6 8. Nc3 c5 9. Nf3 Bg4 10. Bd5 Rb8 11. Bf4 Nxf3+ 12. gxf3 Bh3 13. Re1 Nh5 14. Bxf7+ Kxf7 15. Qd5+ Kf8 16. Qxh5 Qd7 17. Qd5 Be6 18. Qd2 g5 19. Bg3 Rg8 20. f4 Bh3 21. f5 Qc6 22. Qd5 Qxd5 23. Nxd5 Kf7 24. Re3 g4 25. Rd1 Rbd8 26. Nxe7 Kxe7 27. Bh4+ Kf7 28. Bxd8 Rxd8 29. e5 d5 30. Rb3 b6 31. Ra3 a5 32. Rb3 g3 33. fxg3 Bxf5 34. Rd2 Rb8 35. Rf3 Ke6 36. Re2 c4 37. Ref2 Be4 38. Re3 Kxe5 39. c3 Kd6 40. Re1 Re8 41. Rf7 Kc5 42. Rxh7 Bxh7 43. Rxe8 Kb5 44. Re3 Bc2 45. h4 a4 46. a3 Kc5 47. Kf2 b5 48. h5 b4 49. axb4+ Kb5 1-0

[Event "Imperia Corallo op-A 1st"]
[Site "Imperia"]
[Date "2006.11.25"]
[Round "3"]
[White "Salerno, Luciano"]
[Black "Pesce, Leandro"]
[Result "0-1"]
[WhiteElo "1676"]
[BlackElo "1736"]
[PlyCount "82"]
[EventDate "2006.11.24"]
[EventType "swiss"]
[EventRounds "5"]
[EventCountry "ITA"]
[SourceTitle "EXT 2024"]
[Source "ChessBase"]
[SourceDate "2023.10.10"]
[SourceVersion "1"]
[SourceVersionDate "2023.10.10"]
[SourceQuality "1"]

1. d4 Nf6 2. c4 g6 3. Nc3 Bg7 4. e4 d6 5. Nf3 0-0 6. Be2 e5 7. d5 Nbd7 8. Bg5 h6 9. Bh4 Qe8 10. Nb5 Qd8 11. Qc2 a6 12. Nc3 Qe8 13. b4 b6 14. 0-0 g5 15. Bg3 Nh5 16. Nd2 Nf4 17. Bg4 Nf6 18. Bxc8 Qxc8 19. f3 h5 20. c5 bxc5 21. bxc5 dxc5 22. Bf2 Nd7 23. Nb3 a5 24. Nxc5 Rd8 25. Nxd7 Qxd7 26. Qa4 Ne2+ 27. Kh1 Nxc3 28. Qc4 Nb5 29. Rfc1 Rdc8 30. Qc6 Qxc6 31. Rxc6 Nd4 32. Rc5 Bf8 33. Rc4 a4 34. Rac1 Bd6 35. Bxd4 exd4 36. Rxd4 f6 37. g3 Kf7 38. Kg2 Rcb8 39. Kf2 Rb2+ 40. Ke3 Rxa2 41. f4 Ra3+ 0-1

[Event "Bratto Gorgonzola op-B"]
[Site "Bratto"]
[Date "2006.08.24"]
[Round "5"]
[White "Vanzan, Alessandro"]
[Black "Pesce, Leandro"]
[Result "1-0"]
[WhiteElo "1835"]
[BlackElo "1767"]
[PlyCount "191"]
[EventDate "2006.08.20"]
[EventType "swiss"]
[EventRounds "8"]
[EventCountry "ITA"]
[SourceTitle "EXT 2008"]
[Source "ChessBase"]
[SourceDate "2007.11.25"]
[SourceVersion "1"]
[SourceVersionDate "2007.11.25"]
[SourceQuality "1"]

1. c4 e5 2. Nc3 Nf6 3. d3 c6 4. Nf3 d6 5. g3 g6 6. Bg2 Bg7 7. 0-0 0-0 8. Rb1 a5 9. Bd2 Nbd7 10. a3 Nb6 11. b4 axb4 12. axb4 Nbd7 13. Qc1 Re8 14. Qc2 Nf8 15. b5 N8d7 16. bxc6 bxc6 17. Ng5 Qc7 18. Nb5 cxb5 19. Bxa8 bxc4 20. Qxc4 Qxc4 21. dxc4 h6 22. Ne4 Nxe4 23. Bxe4 Nc5 24. Bc6 Bd7 25. Bxd7 Nxd7 26. Bb4 Nc5 27. Rfd1 Bf8 28. Rd5 Rb8 29. Rdd1 Ne6 30. Ba3 Rxb1 31. Rxb1 Nc5 32. f3 Kg7 33. Rd1 Kf6 34. e4 Ke6 35. Kf2 h5 36. Ke2 Na4 37. Rc1 Nc5 38. Rb1 Nd7 39. Rb7 Nc5 40. Rb6 Kd7 41. Rb8 Be7 42. h4 Kc7 43. Rb1 Na4 44. Bb4 Nb6 45. Kd3 Kc6 46. Ra1 Kb7 47. Rb1 Kc7 48. Rf1 f6 49. Rg1 g5 50. Rh1 Nd7 51. hxg5 fxg5 52. Rxh5 Nf8 53. Bd2 Ne6 54. Rh6 Kd7 55. Rh7 Ke8 56. Rh1 Kf7 57. Rb1 Kg6 58. Rb6 Kg7 59. Be3 Kf7 60. Bc1 Ke8 61. Ba3 Kd7 62. Rb7+ Nc7 63. Rb1 Ne6 64. Rb7+ Nc7 65. Bc1 Kc8 66. Rb2 Kd7 67. f4 exf4 68. gxf4 gxf4 69. Bxf4 Kc6 70. Rh2 Ne6 71. Be3 Ng5 72. Rf2 Ne6 73. Rf7 Bd8 74. Ra7 Nc5+ 75. Bxc5 Kxc5 76. Rd7 Bf6 77. Rb7 Kc6 78. Ra7 Kb6 79. Rh7 Kc6 80. Rh5 Be5 81. Rh1 Kb6 82. Rb1+ Kc6 83. Rb5 Bf6 84. Ke2 Bd4 85. Kd3 Be5 86. Kc2 Bd4 87. Kb3 Kd7 88. Rd5 Bc5 89. e5 Ke6 90. Ka4 Kd7 91. Kb5 Ba3 92. exd6 Bxd6 93. Rxd6+ Kxd6 94. Kb6 Kd7 95. c5 Kc8 96. Kc6 1-0

[Event "Genova Nervi op 12th"]
[Site "Genova"]
[Date "2005.02.05"]
[Round "1"]
[White "Gromovs, Sergejs"]
[Black "Pesce, Leandro"]
[Result "1-0"]
[WhiteElo "2335"]
[BlackElo "1623"]
[PlyCount "67"]
[EventDate "2005.02.05"]
[EventType "swiss"]
[EventRounds "6"]
[EventCountry "ITA"]
[SourceTitle "EXT 2007"]
[Source "ChessBase"]
[SourceDate "2006.11.23"]
[SourceVersion "1"]
[SourceVersionDate "2006.11.23"]
[SourceQuality "1"]

1. d4 Nf6 2. Nf3 g6 3. c4 Bg7 4. Nc3 0-0 5. e4 d6 6. Be2 e5 7. 0-0 Nc6 8. d5 Ne7 9. b4 Nd7 10. Re1 f5 11. Ng5 Nf6 12. c5 h6 13. Ne6 Bxe6 14. dxe6 fxe4 15. cxd6 cxd6 16. b5 Qc8 17. Qb3 d5 18. Ba3 Qxe6 19. Bxe7 Qxe7 20. Nxd5 Nxd5 21. Qxd5+ Qf7 22. Qxf7+ Kxf7 23. Bc4+ Ke7 24. Bd5 g5 25. Rac1 a5 26. Bxb7 Rad8 27. Rc7+ Kf6 28. Bxe4 Rd6 29. g3 Rfd8 30. Kg2 Rb8 31. h3 Rxb5 32. Re3 Bh8 33. Rf3+ Ke6 34. Bf5+ 1-0